000 00977nas a2200337 4500
001 BR2012006330
003 BR-BrBNA
005 20231205121040.0
007 ta
008 230509b bl.|||p| |||| 00| 00por d
040 _aBR-BrBNA
_bpor
_cBiblioteca Nacional de Agricultura
041 _a(Pt)
072 _aL73
100 1 _aCastro, V.S.P.
100 1 _aCartana, C.B.
100 1 _aSilva, S.S.R. da
100 1 _aPalma, H.E.
100 1 _aCastro, J.L.C.
100 1 _aLopes, S.T. dos A.
100 1 _aMazzanti, C.M.A.
245 1 _aEsporotricose em um gato na região central do estado do Rio Grande do Sul, Brasil
650 _aGATO
650 _aDOENÇA ANIMAL
650 _aESPOROTRICOSE
650 _aSPOROTRIX SCHENCKII
650 _aFUNGO
650 _aRIO GRANDE DO SUL
773 0 _tMedvep Dermato (Brazil)
_xISSN 2237-2768
_g(Oct-Dec 2011), v.1(1) p. 32-37
_wBR2012006330
909 _a202311
_bLúcia
_c55
_dLúcia Elande
942 _2AGRIS
_n0
_cANA
999 _c221597
_d221597